Toward Eradicating Hunger and Poverty: Life and Work of Per Pinstrup-Andersen (Record no. 7275)

000 -LEADER
fixed length control field 00525 a2200157 4500
020 ## - INTERNATIONAL STANDARD BOOK NUMBER
International Standard Book Number 096409228
082 ## - DEWEY DECIMAL CLASSIFICATION NUMBER
Classification number 338.9
090 ## - LOCALLY ASSIGNED LC-TYPE CALL NUMBER (OCLC); LOCAL CALL NUMBER (RLIN)
-- 3362
-- 3362
100 ## - MAIN ENTRY--PERSONAL NAME
Personal name Dil, Anwar.
245 ## - TITLE STATEMENT
Title Toward Eradicating Hunger and Poverty: Life and Work of Per Pinstrup-Andersen
Statement of responsibility, etc. Anwar Dil
260 ## - PUBLICATION, DISTRIBUTION, ETC.
Place of publication, distribution, etc. Islamabad:
Name of publisher, distributor, etc. Intercultural Forum,
Date of publication, distribution, etc. 2003.
300 ## - PHYSICAL DESCRIPTION
Extent 616 p.
Other physical details : ill.
Dimensions ; 25 cm.
500 ## - GENERAL NOTE
General note Includes Index
650 ## - SUBJECT ADDED ENTRY--TOPICAL TERM
Topical term or geographic name entry element 1.Hunger.2.Poverty.3.Food. 4.International cooperation and development.5.Food policy
942 ## - ADDED ENTRY ELEMENTS (KOHA)
Koha item type Book
Call number prefix 338.9 DIL
Holdings
Withdrawn status Lost status Damaged status Not for loan Collection code Permanent Location Current Location Shelving location Date acquired Source of acquisition Cost, normal purchase price Total Checkouts Full call number Barcode Date last seen Price effective from Koha item type
          Central Library (CL) Central Library (CL) General Stacks 03/28/2003 Donated 0.00   338.9 DIL SEECS003300 11/14/2012 01/05/2017 Book
© 2023 Central Library, National University of Sciences and Technology. All Rights Reserved.